Componentes principales de las mezclas de concreto
שמור ב:
| מחבר ראשי: | |
|---|---|
| פורמט: | ספר |
| יצא לאור: |
San José, C.R. : Editorial de la Universidad de Costa Rica
1998
|
| נושאים: | |
| תגים: |
הוספת תג
אין תגיות, היה/י הראשונ/ה לתייג את הרשומה!
|
MARC
| LEADER | 00000nam a2200000Ia 4500 | ||
|---|---|---|---|
| 003 | 000181 | ||
| 005 | 20221231144014.0 | ||
| 008 | 140114s1998 c a 000 ||s d | ||
| 040 | |c cru CEDI | ||
| 082 | |a 620.136 M971c | ||
| 100 | |a Muñoz Umaña, Flor de María |9 14184 | ||
| 245 | |a Componentes principales de las mezclas de concreto | ||
| 260 | |a San José, C.R. : Editorial de la Universidad de Costa Rica |c 1998 | ||
| 300 | |a 144 páginas : ilustraciones | ||
| 650 | |x CEMENTO |x CEMENTO PORTLAND - ANALISIS |x ARGAMASA |9 18102 | ||
| 942 | |2 ddc |c BK | ||
| 999 | |c 15491 |d 15491 | ||
